03293nam a2200277 a 4500001001000000003000900010005001700019007000300036008003600039020001800075040003100093082002600124245006200150246005200212264004600264300002900310336002700339337003300366338002800399505175500427520063202182600005702814650005002871650004602921710004802967000046688DO-SdBPM20251021100314.0ta180319s2017 dr 000 spa d a9789945503012 aDO-SdBPMbspacBPMSU drda 4a868.5bC719v 201722200aColoquios 2016/bTony Raful Tejeda...[y otros veintiunuo]14aColoquios :bFeria Internacional del libro 2016 aSanto Domingo :bEditora Nacional,c2017. a227 páginas ;c21 cm. atextobtxt2rdacontent asin mediaciónbn2rdamedia avolumenbnc2rdacarrier0 aSobre la narrativa y vida de Pedro Peix ; Tony Raful Tejeda -- Pedro Peix: Collages que desnudan el artificio verbal de la ficción ; Carlos Sangiovanni -- La técnica como angustia del escritor ; Andrés L. Mateo -- la revolución lingüística de Saussure (1916-2016) ; Carlisle González Tapia -- Aportes de Saussure a la enseñanza de la lingüística en la República Dominicana ; Bartolo García Molina -- El partido del signo y su teoría lingüística ; Diógenes Céspedes -- Notas para una relectura del Curso de lingüística general de Ferdinand de Saussure ; Manuel Matos Moquete -- Salomé Ureña esboza una nación moderna ; Ángela Hernández -- La poesía patriótica y romántica de Salomé Ureña ; Eleonor Grimaldi Silié /--Figuraciones del amor en las obras de Salomé Ureña ; Pura Emeterio Rondón -- La primera intervención militar norteamericana un siglo después. Antecedentes y causas externas ; E. Augusto Bravo -- La ocupación americana de 1916-1924. Notas de un centenario ; José del Castillo -- Los espacios de la vigilancia durante la primera ocupación militar estadounidense ; María Filomena González Canalda -- La libertad en el Quijote ; Dr. Enrique Sánchez Costa -- Don Quijote: caballero andante de la locura ; Dr. Jesús Losada -- El coloquio de los perros: una pequeña muestra del genio de Cervantes ; Eugenio Camacho -- Rubén Darío, el legado de un defensor de la poesía en la teoría y en la praxis escritural ; Mateo Morrison -- Vigencia ideal de Rubén Darío. Ensayo sobre el azul en la edad tecnológica; Gonzalo Martín de Marcos -- A un siglo de la muerte de Rubén Darío. Legado, vigencia y renovación; Luis Ricardo Arévalo Arias. aEste libro recoge los principales coloquios realizados en el marco de la pasada Feria Internacional del Libro de Santo Domingo. La lectura de esas intervenciones de escritores y académicos nos permite adentrarnos en la obra de autores fundamentales como Salomé Ureña en el ámbito nacional, y Cervantes y Rubén Darío en el internacional. También en ese evento se abordó la narrativa de Pedro Peix, el Curso de Lingüística General de Saussure y la primera intervención militar norteamericana en el país. Todo ello compone un mapa intelectual de los principales temas tratados en la FIL Santo Domingo 2016.14aPeix, Pedrod1952-2015xCrítica e interpretación 7aLiteratura dominicana vEnsayos, conferencias 7aLiteratura dominicanaxHistoria y critica2 aFeria Internacional de Libro Santo Domingo